| 000 | 00799nam a22002657a 4500 | ||
|---|---|---|---|
| 001 | 9124 | ||
| 003 | FISKH | ||
| 005 | 20251127095355.0 | ||
| 008 | 251124b cb ||||| |||| 00| 0 eng d | ||
| 020 | _a9780516263106 | ||
| 040 |
_aFISKH _beng _cFISKH _dFISKH |
||
| 050 | _aE120 .G25 | ||
| 082 | _a394.264 | ||
| 100 |
_aGardeski, Christina Mia _eAuthor |
||
| 245 |
_aColumbus day : _bRookie read-about holidays / _cBy Christina Mia Gardeski |
||
| 260 |
_aNew York : _bChildren's Press , _c2001 |
||
| 300 |
_a31 pages : _bcolor illustrations ; _c18 cm |
||
| 505 | _aN | ||
| 520 | _aDescribes Columbus' achievements and the holiday celebrated in his honor. | ||
| 521 | 8 |
_a580
_bLexile |
|
| 521 | 8 |
_aN
_bRaz-Plus |
|
| 650 |
_aHoliday _vColumbus day |
||
| 942 |
_2ddc _cBK _n0 |
||
| 999 |
_c9124 _d9124 |
||